000 00525nam a2200181Ia 4500
003 GCL
005 20240530104221.0
008 140319s9999 xx 000 0 ara d
040 _aGCL /
_cGCL
082 0 4 _aق
_b070.962
_bم ص
100 1 _aمحمود نجيب ابو الليل
245 1 0 _aالصحافة والثقافة فى مصر خلال عام 1970 /
_cمحمود نجيب ابو الليل
300 _a231 ص
650 0 4 _aمصر
650 0 4 _aالثقافة
650 0 4 _aالصحافة
942 _2ddc
_cBK
999 _c45558
_d45558